Families in Film (Slideshow) Quiz Stats

 Plays Quiz not verified by Sporcle

Challenge
Share
Tweet
Score 0/21 Timer 06:00
0 Plays Today
% Correct
The Skywalkers - Star Wars
98%
The Parrs - The Incredibles
96%
The Addams - The Addams Family
95.9%
The Fockers - Meet The Fockers
94.1%
The Hillards - Mrs. Doubtfire
91%
The Corleones - The Godfather
86.9%
The Klumps - The Nutty Professor
81.3%
The Hoovers - Little Miss Sunshine
78.8%
The Griswolds - Vacation
74.9%
The Bobbys - Talladega Nights: The Ballad of Ricky Bobby
74.8%
The Bradys - The Brady Bunch Movie
71.7%
% Correct
The Croods - The Croods
70.6%
The Clampetts - The Beverly Hillbillies
68.6%
The Tenenbaums - The Royal Tenenbaums
65.3%
The Parkers - A Christmas Story
63.8%
The Murtaughs - Lethal Weapon
53.3%
The Robinsons - Lost In Space
52.1%
The Wards - The Fighter
42.9%
The Dales - Mars Attacks!
40.8%
The Freelings - Poltergeist
37.4%
The Buckmans - Parenthood
36.3%

You're not logged in!

Compare scores with friends on all Sporcle quizzes.
Join for Free
OR
Log In

You Might Also Like...

Show Comments

Extras

Top Quizzes Today


Score Distribution

Your Account Isn't Verified!

In order to create a playlist on Sporcle, you need to verify the email address you used during registration. Go to your Sporcle Settings to finish the process.

Report this User

Report this user for behavior that violates our Community Guidelines.

Details: